Quando il matrimonio e nullo?: guida ai motivi di nullità matrimoniale per pastori, consulenti e fedeli
Saved in:
| Hovedforfatter: | |
|---|---|
| Format: | Bog |
| Sprog: | italiensk |
| Udgivet: |
Milán
Ancora
1998
|
| Serier: | Collana Percosi di Diritto Ecclesiale
|
| Fag: | |
| Tags: |
Tilføj Tag
Ingen Tags, Vær først til at tagge denne postø!
|
MARC
| LEADER | 00000nam a2200000 a 4500 | ||
|---|---|---|---|
| 001 | UCI2626 | ||
| 003 | CL-VaPUC | ||
| 005 | 20240502121041.0 | ||
| 008 | 070831e19980000IT |||||||||||||||||ita|d | ||
| 999 | |c 327111 |d 327109 | ||
| 020 | |a 8876106715 | ||
| 040 | |c Pontificia Universidad Católica de Valparaíso | ||
| 082 | 0 | 4 | |a 262.933 BIA 1998 |2 21 |
| 100 | |a Bianchi, Paolo G |e autor |9 297442 | ||
| 245 | 1 | 0 | |a Quando il matrimonio e nullo?: guida ai motivi di nullità matrimoniale per pastori, consulenti e fedeli |
| 260 | |a Milán |b Ancora |c 1998 | ||
| 300 | |a 347 páginas | ||
| 490 | 0 | |a Collana Percosi di Diritto Ecclesiale | |
| 583 | |a last modification |c 20070831 00:00:00 |k Rodrigo Vera | ||
| 650 | 7 | |a DERECHO CANONICO |2 CL-VaPUC |9 523686 | |
| 650 | 0 | |a Derecho comparado |9 255664 | |
| 650 | 7 | |a MATRIMONIO |2 CL-VaPUC |9 523687 | |
| 650 | 7 | |a NULIDAD DEL MATRIMONIO |2 CL-VaPUC |9 523688 | |
| 942 | |c BK |2 ddc | ||
| 945 | |d 20070831 00:00:00 |a jtorresc | ||
| 952 | |0 0 |1 0 |2 ddc |4 0 |6 262_933000000000000_BIA_1998 |7 0 |8 A |9 409552 |a BIBDER |b BIBDER |d 2019-11-22 |i 4368134 |o 262.933 BIA 1998 |p 4368134 |r 2023-01-25 |t 1 |w 2019-11-22 |y BK |k DER | ||